Školení etiky a compliance v životě obchodních korporací
Aktuálny vývoj a globálne trendy v oblasti vnútorných programov compliance. Korporátne školenia v oblasti etiky a compliance. Definícia a určenie vyspelosti vnútorného tréningového programu. Meranie efektivity. Praktický príklad spoločnosti Vodafone Group Plc.
Salvato in:
| Autore principale: | |
|---|---|
| Natura: | Capitolo di libro |
| Lingua: | ceco |
| Soggetti: | |
| Tags: |
Nessun Tag, puoi essere il primo ad aggiungerne!!
|
MARC
| LEADER | 00000naa a2200000 4500 | ||
|---|---|---|---|
| 001 | 0259921 | ||
| 005 | 20191128073913.7 | ||
| 041 | 0 | |a cze | |
| 044 | |a CZ | ||
| 245 | 1 | 0 | |a Školení etiky a compliance v životě obchodních korporací |c Lucie Andreisová |
| 520 | |a Aktuálny vývoj a globálne trendy v oblasti vnútorných programov compliance. Korporátne školenia v oblasti etiky a compliance. Definícia a určenie vyspelosti vnútorného tréningového programu. Meranie efektivity. Praktický príklad spoločnosti Vodafone Group Plc. | ||
| 610 | 2 | 0 | |a školenie odborné |
| 610 | 2 | 0 | |a etika |
| 610 | 2 | 0 | |a spoločnosti obchodné |
| 610 | 2 | 0 | |a kultúra podniková |
| 610 | 2 | 0 | |a vzdelávanie ďalšie |
| 100 | 1 | |a Andreisová, Lucie | |